| 000 | 00771nam a2200253 a 4500 | ||
|---|---|---|---|
| 005 | 20160826135121.0 | ||
| 008 | 140220b1994 ck |||||rm||| 00| 0 spa d | ||
| 040 |
_aCO-BoIAVH _cCO-BoIAVH |
||
| 041 | _aspa | ||
| 044 | _ack | ||
| 090 |
_aTE _b0080 |
||
| 100 | 1 | _aJiménez Segura, Luz Fernanda | |
| 245 | 1 | 0 | _aComunidad íctica presente en la zona de los Gramalotes ubicados sobre el margen colombiano del río Amazonas |
| 260 |
_aBogotá _bUniversidad Nacional de Colombia _c1994 |
||
| 300 | _a75 p. | ||
| 650 | _aEcología de comunidades | ||
| 650 | _aGramalotes | ||
| 650 | _aPeces | ||
| 650 | _aBiología de una especie | ||
| 650 | _aInventarios | ||
| 650 | _aBiotopos | ||
| 662 | _aColombia | ||
| 942 |
_cTESIS _2z |
||
| 999 |
_c403 _d403 |
||